000 00630nam a2200193 i 4500
001 38597
003 ES-MaACL
005 20230906155802.0
007 t|
008 030226m19561958sp ||||1| spa d
100 1 _aCamino, Ventura del.
_934080
245 1 0 _aDesfile grotesco... /
_cVentura del Camino.
260 _aMadrid :
_b[s.n.,
_c1956-1958] (
_fGráf. Yagües)
300 _a2 v. ;
_c21 cm.
505 8 _aContiene: T.I: Gente de ahora y de siempre. --T.II: Alfilo de las horas fugitivas
740 0 _aGente de ahora y de siempre.
740 0 _aAl filo de las horas fugitivas.
852 _aES-MaACL
_jC-11790-1
_bR.39730
999 _c38597
_d38597